| 000 | 00700nam a2200229 a 4500 | ||
|---|---|---|---|
| 999 |
_c11142 _d11142 |
||
| 001 | 11142 | ||
| 003 | BD-JhCC | ||
| 005 | 20190921110830.0 | ||
| 008 | 190603b 2013bg a|||| ||a| 000 0 ben d | ||
| 020 | _a9789848696981 | ||
| 035 | _a(BD-JhCC)11142 | ||
| 040 |
_aBD-JhCC _dBD-JhCC |
||
| 041 | _aben | ||
| 082 |
_bAHM 2013 _a158.1 |
||
| 100 | _aআহমেদ, রাজিব | ||
| 245 |
_aজীবন জয়ের জাদু / _cরাজিব আহমেদ । |
||
| 260 |
_aঢাকা: _bমুক্তদেশ প্রকাশন; _c২০১৩. |
||
| 300 |
_a১৯১ পৃঃ . : _bill; _c২০ সেমি. |
||
| 650 | _asuccess | ||
| 942 |
_2ddc _cBK |
||